Statistics for Books of the Catholic Old Testament

Click here to take the quiz!

General Stats

  • This quiz has been taken 1,025 times
  • The average score is 19 of 46

Answer Stats

Answer % Correct
GenesisLaw
87%
ExodusHistorical
82%
NumbersProphetic
76%
LeviticusWisdom
76%
Deuteronomy
74%
Judges
66%
Joshua
66%
Ruth
63%
2 Samuel
62%
1 Samuel
62%
2 Kings
59%
1 Kings
59%
1 Chronicles
56%
2 Chronicles
54%
Ezra
53%
Nehemiah
49%
Esther
44%
2 Maccabees
44%
1 Maccabees
44%
Tobit
43%
Proverbs
41%
Judith
41%
Psalms
40%
Job
38%
Song of Songs
32%
Ecclesiastes
32%
Isaiah
31%
Wisdom
31%
Jeremiah
29%
Daniel
26%
Lamentations
26%
Joel
25%
Micah
25%
Amos
25%
Jonah
25%
Hosea
25%
Ezekiel
25%
Baruch
25%
Sirach
25%
Obadiah
24%
Haggai
22%
Habakkuk
22%
Zechariah
21%
Malachi
21%
Nahum
21%
Zephaniah
21%

Score Distribution

Percentile by Number Answered

Percent of People with Each Score

Your Score History

You have not taken this quiz